00637nam a2200193Ia 4500008004100000020001800041082001600059100002200075245002200097250000800119260004200127300002300169500001900192600002100211650005000232942000700282952013700289999001700426240925s9999 xx 000 0 und d a9788131713051 a005.133 SED aSedgewick, Robert 0aAlgorithms in C++ a3rd aNew Delhi:bPearson Educationc,1998. a414p.b0fOriginal aIncludes Index aComputer Science aComputer science, information & general works cBK 001040708CSaUITUbUITUd2017-01-04eParamount Book Pvt Ltdg1086.25l0o005.133 SEDpQ11070r2024-09-25 07:15:56w2024-09-25yBK c13569d13569